| 000 | 00367nam a22001457a 4500 | ||
|---|---|---|---|
| 008 | 250514b |||||||| |||| 00| 0 eng d | ||
| 020 | _a9781405950169 | ||
| 050 |
_aPS3626.H36 _b.F68 |
||
| 100 | _aZhang, Jenny Tinghui | ||
| 245 | _aFour treasures of the sky | ||
| 260 |
_aDublin _bPenguin Book _c2022 |
||
| 300 | _a409p. | ||
| 650 | _aHistorical Fiction | ||
| 942 | _cBK | ||
| 999 |
_c3491 _d3491 |
||